000
00232 a2200097 4500
001
48649
100
_a
Ley, Willy
245
_a
Satellites, Rockets and outer space
260
_a
New York
_b
New American lib
_c
090
_c
31575
_d
31575
942
_a
NUST-CAE
_c
M
_c
23975
999
_c
283722
_d
283722